MAASAI MARA UNIVERSITY

LIBRARY CATALOGUE

Contact Us: +254 020 2685356/7 or 0774 057787

Box: 861-20500, NAROK, KENYA

Email: info@mmarau.ac.ke

In the chamber of risks : (Record no. 22784)

MARC details
000 -LEADER
fixed length control field 01571cam a2200373 a 4500
001 - CONTROL NUMBER
control field 13598084
003 - CONTROL NUMBER IDENTIFIER
control field OSt
005 - DATE AND TIME OF LATEST TRANSACTION
control field 20210819101938.0
008 - FIXED-LENGTH DATA ELEMENTS--GENERAL INFORMATION
fixed length control field 040519s2001 quca b 001 0 eng d
010 ## - LIBRARY OF CONGRESS CONTROL NUMBER
LC control number 2004401201
016 ## - NATIONAL BIBLIOGRAPHIC AGENCY CONTROL NUMBER
Record control number 20019004788
020 ## - INTERNATIONAL STANDARD BOOK NUMBER
International Standard Book Number 0773522387 (bound)
020 ## - INTERNATIONAL STANDARD BOOK NUMBER
International Standard Book Number 0773522468 (pbk.)
040 ## - CATALOGING SOURCE
Original cataloging agency MMU
Language of cataloging eng
Transcribing agency MMU
Modifying agency MMU
-- MMU
050 00 - LIBRARY OF CONGRESS CALL NUMBER
Classification number HD30.255
Item number .L444 2001
100 1# - MAIN ENTRY--PERSONAL NAME
Personal name Leiss, William,
Dates associated with a name 1939-
245 10 - TITLE STATEMENT
Title In the chamber of risks :
Remainder of title understanding risk controversies /
Statement of responsibility, etc. William Leiss.
260 ## - PUBLICATION, DISTRIBUTION, ETC. (IMPRINT)
Place of publication, distribution, etc. Montreal ;
-- Ithaca :
Name of publisher, distributor, etc. McGill-Queen's University Press,
Date of publication, distribution, etc. c2001.
300 ## - PHYSICAL DESCRIPTION
Extent xv, 388 p. :
Other physical details ill. ;
Dimensions 24 cm.
500 ## - GENERAL NOTE
General note Includes bibliographical references (p. [363]-383) and index.
650 #0 - SUBJECT ADDED ENTRY--TOPICAL TERM
Topical term or geographic name as entry element Industrial management
General subdivision Environmental aspects
Geographic subdivision Canada
Form subdivision Case studies.
650 #0 - SUBJECT ADDED ENTRY--TOPICAL TERM
Topical term or geographic name as entry element Risk management
Geographic subdivision Canada
Form subdivision Case studies.
650 #0 - SUBJECT ADDED ENTRY--TOPICAL TERM
Topical term or geographic name as entry element Environmental policy
Geographic subdivision Canada
Form subdivision Case studies.
650 #0 - SUBJECT ADDED ENTRY--TOPICAL TERM
Topical term or geographic name as entry element Health risk assessment
Geographic subdivision Canada
Form subdivision Case studies.
650 #0 - SUBJECT ADDED ENTRY--TOPICAL TERM
Topical term or geographic name as entry element Environmental risk assessment
Geographic subdivision Canada
Form subdivision Case studies.
650 #2 - SUBJECT ADDED ENTRY--TOPICAL TERM
Topical term or geographic name as entry element Risk Assessment
General subdivision organization & administration
Geographic subdivision Canada.
650 #2 - SUBJECT ADDED ENTRY--TOPICAL TERM
Topical term or geographic name as entry element Risk Management
General subdivision organization & administration
Geographic subdivision Canada.
650 #2 - SUBJECT ADDED ENTRY--TOPICAL TERM
Topical term or geographic name as entry element Conservation of Natural Resources
Geographic subdivision Canada.
650 #6 - SUBJECT ADDED ENTRY--TOPICAL TERM
Topical term or geographic name as entry element Risques pour la santé
General subdivision Évaluation
Geographic subdivision Canada
Form subdivision Cas, Études de.
650 #6 - SUBJECT ADDED ENTRY--TOPICAL TERM
Topical term or geographic name as entry element Environnement
General subdivision Évaluation du risque
Geographic subdivision Canada
Form subdivision Cas, Études de.
650 #6 - SUBJECT ADDED ENTRY--TOPICAL TERM
Topical term or geographic name as entry element Gestion du risque
Geographic subdivision Canada
Form subdivision Cas, Études de.
650 #6 - SUBJECT ADDED ENTRY--TOPICAL TERM
Topical term or geographic name as entry element Environnement
General subdivision Protection
-- Politique gouvernementale
Geographic subdivision Canada.
942 ## - ADDED ENTRY ELEMENTS (KOHA)
Source of classification or shelving scheme Library of Congress Classification
Koha item type L
Holdings
Withdrawn status Lost status Source of classification or shelving scheme Damaged status Not for loan Home library Current library Date acquired Source of acquisition Total Checkouts Full call number Barcode Date last seen Price effective from Koha item type
    Library of Congress Classification     Maasai Mara University Library -Main Campus Maasai Mara University Library -Main Campus 02/14/2017 Donation T4C   HD30.255.L45 2001 17023444 02/14/2017 02/14/2017 L
© 2016 Maasai Mara University.